000 00624nam a22001937a 4500
999 _c166510
_d166510
005 20190725171913.0
010 _aUR-10289
020 _c350.00
_a9789388356121
035 _aU-8844
037 _bDBAD/PUB
082 _aک
100 _aعلی ا ما م
245 _aعلی ا ما م کے ا فسا نے
_cعلی ا ما م
246 _bAli Imam ke Afsane (Urdu)
_aby Ali Imam
260 _a Delhi
_bEducational Publishing House
_c2018 ء
270 _a3191,Vakil Street,Kucha Pandit Lal Kuan,
_bDelhi
_e110006
_k23216162
_l0091-1123211540
300 _a368 ص
_c22 Cm(Hb)
942 _2ddc
_cUR
_hک
_mع ل ی